| 000 | 00571nam a2200169 4500 | ||
|---|---|---|---|
| 001 | 127376 | ||
| 003 | ES-MaACL | ||
| 005 | 20230906193014.0 | ||
| 007 | t| | ||
| 008 | 070214s1945 sp r ||||1| spa d | ||
| 100 | 1 |
_aRichheimer, E. _996959 |
|
| 245 | 1 | 0 |
_aTeoría, proyecto y fabricación de radio-equipos para frecuencia modulada _b: transmisores, receptores, altavoces, transformadores RF / _cE. Richheimer. |
| 250 | _a1ª ed. | ||
| 260 |
_aBarcelona [etc.] : _bJosé Montesó, _c1945. |
||
| 300 |
_a320 p. : _bil. ; _c24 cm. |
||
| 852 |
_aES-MaACL _jD-6745 _bR.30144 |
||
| 999 |
_c127376 _d127376 |
||